000 00604nam a2200217Ia 4500
005 20250508150418.0
008 008 250505s9999 xx 000 0 eng d
037 _aTextual
040 _aFEDL
_beng
_cFEDL
041 _aeng
_2eng
084 _a155.2, STA
_qFEDL
100 _aStagner Ross
_983793
245 0 _aPsychology of personality
250 _a2nd
260 _aNew York, USA
_bMcGraw Hill Book Company
_c1948
300 _axi,485p.
490 _aMcGraw-Hill publications in psychology
650 _aPersonality
942 _cTEXL
_h155.2, STA
999 _c1323506
_d1323506